Montseny - Cevennes : reserves de la biosfera agermanades = Cevennes - Montseny : réserves de la biosphère jumelées reserves de la biosfera agermanades = Cevennes - Montseny :
Publicado:
Barcelona :
Diputació de Barcelona : Diputació de Girona : Reserva de la Biosfera del Montseny ,
1988
Descripción Física:
1 f. plegat ; 31 cm
Otros Autores:
Parc National des Cévennes
MARC
| LEADER | 00000nam a2200000Ia 4500 | ||
|---|---|---|---|
| 001 | 19602 | ||
| 008 | 160829s1988 xx 000 0 cat d | ||
| 080 | |a FU-9-26 | ||
| 245 | |a Montseny - Cevennes : |b reserves de la biosfera agermanades = Cevennes - Montseny : |b réserves de la biosphère jumelées | ||
| 260 | |a Barcelona : |b Diputació de Barcelona : |b Diputació de Girona : |b Reserva de la Biosfera del Montseny, |c 1988 | ||
| 300 | |a 1 f. plegat ; |c 31 cm | ||
| 590 | |a Text en català i francès | ||
| 610 | 0 | |a Parc Natural del Montseny (Catalunya) |9 10461 | |
| 610 | 0 | |a Parc Natural del Montseny (Catalunya) |9 10461 | |
| 650 | |a Parc National des Cévennes |9 32955 | ||
| 700 | |a Parc National des Cévennes |9 40084 | ||
| 710 | 1 | |a Barcelona (Catalunya : Província). |b Diputació |9 52408 | |
| 901 | |a Arxiu | ||
| 942 | |n 1 | ||
| 952 | |0 0 |1 0 |4 0 |6 FU926 |7 1 |9 49403 |a Arxiu |b Arxiu |d 2016-12-01 |l 0 |o FU-9-26 |p 19602 |r 2016-12-01 00:00:00 |w 2016-12-01 |y ARXIU | ||
| 999 | |c 53245 |d 53245 | ||